[Event "First Saturday FM-A November 2014"]
[Site "Budapest"]
[Date "2014.11.01"]
[Round "1.1"]
[White "Ditze, Thomas"]
[Black "Nagy, Laszlo"]
[Result "0-1"]
[WhiteElo "1907"]
[BlackElo "1877"]
[PlyCount "118"]
[EventDate "2014.11.01"]

1. d4 Nf6 2. Nf3 g6 3. c4 d6 4. Nc3 Bg7 5. e4 O-O 6. Be2 Nc6 7. O-O e5 8. d5
Ne7 9. Ne1 Ne8 10. Nd3 f5 11. Bd2 f4 12. f3 g5 13. g4 Ng6 14. b4 Nf6 15. c5 Rf7
16. Nb2 Bf8 17. cxd6 cxd6 18. Nc4 h5 19. h3 Rh7 20. Rf2 Nh4 21. Rh2 Bd7 22. a4
Be7 23. Be1 Ng6 24. Bf2 Qf8 25. Kh1 hxg4 26. hxg4 Rxh2+ 27. Kxh2 Qh6+ 28. Kg2
Kf7 29. Qh1 Qg7 30. Qg1 b6 31. Bd3 Nh4+ 32. Bxh4 gxh4 33. Kf1 Rc8 34. Nb5 Bxb5
35. axb5 Rc7 36. Be2 Qg8 37. Kg2 Qc8 38. Rc1 Qd7 39. Rc2 Kg7 40. Qc1 Qxb5 41.
Qb2 Qd7 42. Na3 Qc8 43. Qc1 Rxc2 44. Qxc2 Qxc2 45. Nxc2 a5 46. bxa5 bxa5 47.
Bb5 Nh7 48. Na3 Bd8 49. Be2 Ng5 50. Nc4 Bc7 51. Kh2 Kf6 52. Kg2 Ke7 53. Bd1 Kd8
54. Na3 Bb6 55. Nc4 Kc7 56. Bc2 h3+ 57. Kh2 Bf2 58. Nd2 Bg3+ 59. Kh1 Be1 0-1

[Event "First Saturday FM-A November 2014"]
[Site "Budapest"]
[Date "2014.11.01"]
[Round "1.2"]
[White "Bihari, Mihaly"]
[Black "Marcu, Simon"]
[Result "1/2-1/2"]
[WhiteElo "2030"]
[BlackElo "1912"]
[PlyCount "164"]
[EventDate "2014.11.01"]

1. c4 b6 2. Nc3 Bb7 3. e4 g6 4. d4 Bg7 5. g3 e6 6. Bg2 f5 7. Nge2 Ne7 8. O-O
O-O 9. a3 a5 10. Bf4 d6 11. Qd2 Na6 12. Rad1 Rb8 13. Bh6 fxe4 14. Bxg7 Kxg7 15.
Nxe4 Bxe4 16. Bxe4 Nf5 17. Nf4 Qf6 18. d5 Nc5 19. Bxf5 exf5 20. b4 axb4 21.
axb4 Ne4 22. Qd3 Rf7 23. f3 Nc3 24. Rde1 Na4 25. Ne6+ Kg8 26. Qc2 b5 27. c5 Qc3
28. Qxc3 Nxc3 29. cxd6 cxd6 30. Nf4 g5 31. Ne6 h6 32. f4 g4 33. Nd4 Nxd5 34.
Re6 Nxb4 35. Rb1 Nd5 36. Rxb5 Rxb5 37. Nxb5 Rf6 38. Rxf6 Nxf6 39. Nxd6 Kg7 40.
Nxf5+ Kg6 41. Ne7+ Kf7 42. Nf5 h5 43. Kg2 Ke6 44. Ne3 Ne4 45. h3 gxh3+ 46. Kxh3
Kf6 47. Kg2 Kg6 48. Nf1 Kf5 49. Kf3 Nc3 50. Nd2 Nd5 51. Nc4 Nc3 52. Nd6+ Ke6
53. Ne4 Nd5 54. Nc5+ Kf5 55. Nb3 Nc3 56. Nd4+ Kf6 57. Ne2 Nd1 58. Nd4 Nc3 59.
Nc2 Kf5 60. Ne3+ Kf6 61. Ng2 Kf5 62. Nh4+ Kf6 63. Ke3 Nd1+ 64. Kd3 Nf2+ 65. Ke3
Nd1+ 66. Kf3 Nc3 67. Ng2 Kf5 68. Ne3+ Kf6 69. Nc4 Kf5 70. Nd6+ Ke6 71. Ne4 Nd5
72. Nc5+ Kf5 73. Nb3 Nc3 74. Nd4+ Kf6 75. Nc2 Kf5 76. Ne3+ Kf6 77. g4 hxg4+ 78.
Kxg4 Ne2 79. f5 Nd4 80. Nd5+ Ke5 81. f6 Kxd5 82. f7 Ne6 1/2-1/2

[Event "First Saturday FM-A November 2014"]
[Site "Budapest"]
[Date "2014.11.02"]
[Round "2.1"]
[White "Nagy, Laszlo"]
[Black "Schenkerik, Csaba"]
[Result "0-1"]
[WhiteElo "1877"]
[BlackElo "2071"]
[PlyCount "70"]
[EventDate "2014.11.01"]

1. e4 c5 2. Nf3 d6 3. c4 g6 4. d4 Nd7 5. Nc3 Bg7 6. Be3 Nh6 7. h3 f5 8. Qd2 Nf7
9. exf5 gxf5 10. d5 Nde5 11. Be2 Bd7 12. Nxe5 Nxe5 13. f4 Nf7 14. Bh5 a6 15.
Bxf7+ Kxf7 16. Qe2 Rf8 17. O-O Rb8 18. a4 Kg8 19. Rae1 Kh8 20. Kh1 Rg8 21. Bd2
Bf6 22. Rg1 Rg3 23. Be3 Qf8 24. Bf2 Rg6 25. g3 Qh6 26. Kh2 Qg7 27. Qd3 Rh6 28.
Qf3 b5 29. axb5 axb5 30. cxb5 Bxb5 31. Nxb5 Rxb5 32. b3 Qg4 33. Qxg4 fxg4 34.
Rb1 Rxh3+ 35. Kg2 Rh5 0-1

[Event "First Saturday FM-A November 2014"]
[Site "Budapest"]
[Date "2014.11.02"]
[Round "2.2"]
[White "Marcu, Simon"]
[Black "Juracsik, Jozsef"]
[Result "1-0"]
[WhiteElo "1912"]
[BlackElo "2109"]
[PlyCount "83"]
[EventDate "2014.11.01"]

1. d4 f5 2. c4 Nf6 3. Nc3 g6 4. g3 Bg7 5. Bg2 O-O 6. Nf3 d6 7. O-O Qe8 8. Nd5
Na6 9. Nxf6+ Rxf6 10. e4 c5 11. e5 dxe5 12. dxe5 Rb6 13. b3 h6 14. Bd2 g5 15.
Bc3 Rg6 16. Qd2 Be6 17. Rad1 Rb8 18. a4 b6 19. Ne1 Nc7 20. Bf3 g4 21. Bh1 h5
22. Ng2 Bh6 23. Nf4 Kh7 24. Bb2 Rg8 25. Bc1 Bc8 26. Bd5 Ne6 27. Qd3 Nxf4 28.
Bxg8+ Qxg8 29. Bxf4 Bxf4 30. gxf4 Be6 31. Qg3 Qg6 32. Qh4 Qf7 33. Rd2 a6 34.
Rfd1 Qe8 35. h3 b5 36. hxg4 fxg4 37. axb5 axb5 38. cxb5 Qf7 39. Rd8 Rxb5 40.
R1d7 Bxd7 41. Rxd7 Qxf4 42. Qxe7+ 1-0

[Event "First Saturday FM-A November 2014"]
[Site "Budapest"]
[Date "2014.11.02"]
[Round "2.3"]
[White "Ditze, Thomas"]
[Black "Bihari, Mihaly"]
[Result "1/2-1/2"]
[WhiteElo "1907"]
[BlackElo "2030"]
[PlyCount "52"]
[EventDate "2014.11.01"]

1. d4 Nf6 2. c4 g6 3. Nf3 Bg7 4. Nc3 d5 5. Bf4 O-O 6. e3 c6 7. Qb3 e6 8. Be2
Nbd7 9. h3 dxc4 10. Bxc4 Nb6 11. Be2 Nfd5 12. Be5 Qe7 13. Bxg7 Kxg7 14. O-O Nd7
15. Rfe1 Nxc3 16. Qxc3 f6 17. Rac1 e5 18. dxe5 Nxe5 19. Nxe5 Qxe5 20. Qxe5 fxe5
21. Red1 Be6 22. Bc4 Bxc4 23. Rxc4 Rad8 24. Rcc1 Kf6 25. Kf1 Ke6 26. Ke2 Rd5
1/2-1/2

[Event "First Saturday FM-A November 2014"]
[Site "Budapest"]
[Date "2014.11.03"]
[Round "3.1"]
[White "Bihari, Mihaly"]
[Black "Nagy, Laszlo"]
[Result "1/2-1/2"]
[WhiteElo "2030"]
[BlackElo "1877"]
[PlyCount "130"]
[EventDate "2014.11.01"]

1. c4 g6 2. Nc3 Bg7 3. g3 Nf6 4. Bg2 O-O 5. Nf3 d6 6. O-O e5 7. d4 Nc6 8. d5
Ne7 9. e4 h6 10. Nh4 g5 11. Nf3 Ng6 12. Be3 Ng4 13. Qd2 Nxe3 14. Qxe3 f5 15.
exf5 Bxf5 16. Ne4 Qe7 17. Nfd2 b6 18. Rac1 a5 19. b3 Kh8 20. a3 Rg8 21. b4 Bf8
22. c5 bxc5 23. bxc5 Nf4 24. cxd6 cxd6 25. Qb6 Nxg2 26. Rc7 Qd8 27. Kxg2 Rg7
28. Rc6 Rd7 29. Qxd8 Rdxd8 30. Rb1 Rab8 31. Rxb8 Rxb8 32. Nxd6 Bd7 33. Nf7+ Kg7
34. Rc7 Kxf7 35. Rxd7+ Ke8 36. Ra7 Bxa3 37. Ne4 Bb4 38. Rh7 Bf8 39. Ra7 Bb4 40.
Ra6 Kf7 41. Rxh6 Ra8 42. Nxg5+ Kg7 43. Rb6 Be7 44. Ne4 a4 45. Rb2 a3 46. Ra2
Bb4 47. h4 Rd8 48. d6 Kf7 49. Nd2 Ke6 50. Nc4 e4 51. Nxa3 Ra8 52. d7 Kxd7 53.
Re2 Bxa3 54. Rxe4 Bc5 55. Re2 Re8 56. Rxe8 Kxe8 57. f4 Kf7 58. Kf3 Kg6 59. g4
Be7 60. h5+ Kh6 61. Ke4 Ba3 62. Ke5 Bb2+ 63. Ke6 Bc3 64. Kf7 Bb2 65. Ke6 Bc3
1/2-1/2

[Event "First Saturday FM-A November 2014"]
[Site "Budapest"]
[Date "2014.11.03"]
[Round "3.2"]
[White "Juracsik, Jozsef"]
[Black "Ditze, Thomas"]
[Result "1-0"]
[WhiteElo "2109"]
[BlackElo "1907"]
[PlyCount "87"]
[EventDate "2014.11.01"]

1. e4 c6 2. Ne2 d5 3. e5 c5 4. d4 Nc6 5. c3 Bf5 6. Ng3 Bxb1 7. Rxb1 cxd4 8.
cxd4 Qb6 9. Be3 e6 10. a3 Qa5+ 11. Bd2 Qb6 12. Be3 Qa5+ 13. Bd2 Qb6 14. Bc3
Nge7 15. b4 Rc8 16. Ba1 Ng6 17. Nh5 Rg8 18. Bd3 Be7 19. g3 f5 20. exf6 gxf6 21.
O-O Kf7 22. Re1 f5 23. Qe2 Nb8 24. a4 Nd7 25. a5 Qd6 26. Kh1 Nf6 27. b5 Ne4 28.
Rb3 Qd7 29. Bb2 Nd6 30. Bc1 Nc4 31. a6 b6 32. Bh6 Bf8 33. Bc1 Rc7 34. Nf4 Nxf4
35. Bxf4 Bd6 36. Qh5+ Rg6 37. Qxh7+ Kf6 38. Qh8+ Qg7 39. Qh4+ Kf7 40. Bxc4 Bxf4
41. Qxf4 Rxc4 42. Qd6 Qf6 43. Rbe3 Qe7 44. Qxd5 1-0

[Event "First Saturday FM-A November 2014"]
[Site "Budapest"]
[Date "2014.11.04"]
[Round "4.1"]
[White "Nagy, Laszlo"]
[Black "Marcu, Simon"]
[Result "1-0"]
[WhiteElo "1877"]
[BlackElo "1912"]
[PlyCount "79"]
[EventDate "2014.11.01"]

1. e4 d6 2. c4 c5 3. d4 cxd4 4. Qxd4 Nc6 5. Qd1 Nf6 6. Nc3 g6 7. Nf3 Bg7 8. Be2
O-O 9. O-O b6 10. Rb1 Bb7 11. b3 Nb4 12. Bd3 Nd7 13. Bb2 Nc5 14. Bc2 Bxc3 15.
Bxc3 Nxc2 16. Qxc2 Bxe4 17. Qd2 Bxb1 18. Qh6 f6 19. Ng5 Rf7 20. Nxf7 Kxf7 21.
Qxh7+ Kf8 22. Rxb1 Qe8 23. Re1 e5 24. f4 Rd8 25. fxe5 dxe5 26. Bxe5 Ne4 27.
Bxf6 Nxf6 28. Rxe8+ Nxe8 29. Qxg6 Rd1+ 30. Kf2 Rd2+ 31. Kf3 Rxa2 32. h4 Ra3 33.
h5 Rxb3+ 34. Ke4 Rb4 35. Kd5 Nc7+ 36. Kd4 Nb5+ 37. Kd3 Rb3+ 38. Kc2 Nd4+ 39.
Kd2 Ke7 40. Qg7+ 1-0

[Event "First Saturday FM-A November 2014"]
[Site "Budapest"]
[Date "2014.11.04"]
[Round "4.2"]
[White "Ditze, Thomas"]
[Black "Schenkerik, Csaba"]
[Result "1-0"]
[WhiteElo "1907"]
[BlackElo "2071"]
[PlyCount "73"]
[EventDate "2014.11.01"]

1. d4 d5 2. c4 e5 3. cxd5 Qxd5 4. dxe5 Qxe5 5. Nf3 Bb4+ 6. Nbd2 Qe7 7. g3 Nf6
8. Bg2 O-O 9. O-O Re8 10. e3 Nc6 11. a3 Bc5 12. b4 Bxe3 13. fxe3 Qxe3+ 14. Kh1
Ng4 15. Qe1 Bf5 16. Qxe3 Nxe3 17. Re1 Nc2 18. Rxe8+ Rxe8 19. Ra2 N6d4 20. Nxd4
Re1+ 21. Nf1 Nxd4 22. Rd2 Be4 23. Bxe4 Rxe4 24. Bb2 Ne6 25. Kg2 Kf8 26. Kf2 Ng5
27. h4 Ne6 28. Ne3 g6 29. Kf3 f5 30. Rd5 Ke7 31. Re5 Rxe5 32. Bxe5 c6 33. Nc4
Nd8 34. Bf4 Ke6 35. Ke3 Kd5 36. Kd3 Ne6 37. Ne3# 1-0

[Event "First Saturday FM-A November 2014"]
[Site "Budapest"]
[Date "2014.11.04"]
[Round "4.3"]
[White "Bihari, Mihaly"]
[Black "Juracsik, Jozsef"]
[Result "0-1"]
[WhiteElo "2030"]
[BlackElo "2109"]
[PlyCount "106"]
[EventDate "2014.11.01"]

1. c4 f5 2. Nc3 Nf6 3. g3 e5 4. Bg2 Nc6 5. e4 d6 6. d3 Be7 7. Nge2 O-O 8. O-O
fxe4 9. dxe4 Bg4 10. f3 Be6 11. Nd5 Qd7 12. Be3 a5 13. Nec3 Kh8 14. a3 b6 15.
Rc1 Bd8 16. Qd2 a4 17. Qe2 Na5 18. Rcd1 Qc6 19. Rf2 Qxc4 20. Bf1 Qxe2 21. Bxe2
Nxd5 22. Nxd5 Nb3 23. Bc4 Na5 24. Bf1 Rb8 25. Kg2 c6 26. Nc3 Be7 27. Rc1 b5 28.
Rd1 Kg8 29. f4 g6 30. h3 Nb3 31. g4 exf4 32. Bxf4 Rbd8 33. Be3 Rxf2+ 34. Bxf2
Kf8 35. Bb6 Rd7 36. Be2 Bf6 37. Be3 Be5 38. Bh6+ Ke7 39. Rf1 Nd4 40. Bd3 Kd8
41. Bg5+ Kc7 42. Be3 Kb7 43. Rd1 Rf7 44. Rf1 Rxf1 45. Bxf1 Nc2 46. Bd2 Nd4 47.
Be3 Bb3 48. Bd3 Ne6 49. Kf3 g5 50. Bf1 b4 51. axb4 a3 52. bxa3 Bxc3 53. b5 c5
0-1

[Event "First Saturday FM-A November 2014"]
[Site "Budapest"]
[Date "2014.11.05"]
[Round "5.1"]
[White "Juracsik, Jozsef"]
[Black "Nagy, Laszlo"]
[Result "1-0"]
[WhiteElo "2109"]
[BlackElo "1877"]
[PlyCount "25"]
[EventDate "2014.11.01"]

1. e4 d6 2. d4 g6 3. Nc3 Bg7 4. Nf3 Nf6 5. h3 O-O 6. Be3 a6 7. a4 Nc6 8. Be2 e5
9. dxe5 dxe5 10. O-O b6 11. Bg5 Qe7 12. Nd5 Qd6 13. Nxf6+ 1-0

[Event "First Saturday FM-A November 2014"]
[Site "Budapest"]
[Date "2014.11.05"]
[Round "5.2"]
[White "Schenkerik, Csaba"]
[Black "Bihari, Mihaly"]
[Result "1/2-1/2"]
[WhiteElo "2071"]
[BlackElo "2030"]
[PlyCount "105"]
[EventDate "2014.11.01"]

1. e4 c5 2. Nf3 Nc6 3. d4 cxd4 4. Nxd4 g6 5. Nc3 Bg7 6. Be3 Nf6 7. Bc4 O-O 8.
Bb3 d6 9. f3 Nxd4 10. Bxd4 Qa5 11. Qd2 Be6 12. O-O-O Bxb3 13. axb3 Rfc8 14. Kb1
Rc6 15. Bxf6 Bxf6 16. Nd5 Qxd2 17. Nxf6+ Kg7 18. Nh5+ Kh6 19. Rxd2 Kxh5 20. e5
dxe5 21. Rd7 Re6 22. Rxb7 e4 23. Re1 e3 24. Rd7 f5 25. f4 Kg4 26. Rd4 h5 27. c3
h4 28. Kc2 g5 29. fxg5+ Kxg5 30. Kd3 f4 31. Ke2 Rf6 32. Ra1 e5 33. Ra5 Re8 34.
Kf3 Kg6 35. Re4 Rf5 36. b4 Re7 37. Rd5 Rg5 38. b5 h3 39. gxh3 Rh5 40. h4 Rxh4
41. Rdxe5 Rf7 42. Re6+ Kg7 43. Re7 Rxh2 44. Rxf7+ Kxf7 45. Rxf4+ Ke6 46. Kxe3
Rxb2 47. c4 Ke5 48. Rf7 Rb3+ 49. Kd2 Kd4 50. Rf4+ Kc5 51. Kc2 Rh3 52. Rf7 Kxc4
53. Rxa7 1/2-1/2

[Event "First Saturday FM-A November 2014"]
[Site "Budapest"]
[Date "2014.11.07"]
[Round "6.1"]
[White "Nagy, Laszlo"]
[Black "Ditze, Thomas"]
[Result "1-0"]
[WhiteElo "1877"]
[BlackElo "1907"]
[PlyCount "37"]
[EventDate "2014.11.01"]

1. e4 c6 2. c4 d5 3. d4 dxe4 4. f3 e3 5. Bxe3 Bf5 6. Nc3 e6 7. Bd3 Ne7 8. g4
Bxd3 9. Qxd3 Ng6 10. O-O-O Nd7 11. f4 Be7 12. Nf3 Qc7 13. f5 Ngf8 14. d5 exd5
15. cxd5 cxd5 16. Kb1 d4 17. Qxd4 Qc5 18. Qe4 Qc6 19. Nd5 1-0

[Event "First Saturday FM-A November 2014"]
[Site "Budapest"]
[Date "2014.11.07"]
[Round "6.2"]
[White "Marcu, Simon"]
[Black "Bihari, Mihaly"]
[Result "1-0"]
[WhiteElo "1912"]
[BlackElo "2030"]
[PlyCount "105"]
[EventDate "2014.11.01"]

1. d4 Nf6 2. c4 g6 3. Nc3 d5 4. e3 Bg7 5. Nf3 O-O 6. Bd2 Bf5 7. Qb3 dxc4 8.
Bxc4 Qe8 9. Qxb7 Nbd7 10. Qc6 Nb6 11. Qxe8 Rfxe8 12. Bb5 Bd7 13. Ne5 a6 14.
Nxd7 Nfxd7 15. Bc6 Rab8 16. b3 Red8 17. f4 f6 18. O-O e6 19. Rac1 Nf8 20. Rc2
f5 21. Na4 Rd6 22. Ba5 Nfd7 23. Bxd7 Rxd7 24. Nc5 Re7 25. Nxa6 Ra8 26. Bxb6
cxb6 27. Nc7 Rc8 28. Rfc1 Kf7 29. a4 Bf8 30. Nb5 Rxc2 31. Rxc2 Rb7 32. Kf2 Ke8
33. Rc8+ Kf7 34. Rc7+ Rxc7 35. Nxc7 Be7 36. d5 exd5 37. Nxd5 Bd8 38. Kf3 Ke6
39. e4 h6 40. g4 h5 41. h3 fxg4+ 42. hxg4 Kd6 43. b4 Ke6 44. gxh5 gxh5 45. f5+
Ke5 46. f6 Ke6 47. Kf4 h4 48. Kg4 Bxf6 49. Nxf6 Kxf6 50. a5 bxa5 51. bxa5 Ke5
52. a6 Kxe4 53. a7 1-0

[Event "First Saturday FM-A November 2014"]
[Site "Budapest"]
[Date "2014.11.08"]
[Round "7.1"]
[White "Schenkerik, Csaba"]
[Black "Nagy, Laszlo"]
[Result "1-0"]
[WhiteElo "2071"]
[BlackElo "1877"]
[PlyCount "87"]
[EventDate "2014.11.01"]

1. e4 g6 2. d4 Bg7 3. Nc3 d6 4. f4 c6 5. a4 Nf6 6. Nf3 O-O 7. Be2 Na6 8. O-O
Nc7 9. Kh1 a6 10. Qe1 b5 11. e5 Nfe8 12. Ne4 Bf5 13. Bd3 f6 14. Qh4 Bxe4 15.
Bxe4 d5 16. Bd3 f5 17. Bd2 e6 18. Qxd8 Rxd8 19. axb5 cxb5 20. Bb4 Rf7 21. Bc5
h6 22. Nd2 Bf8 23. Nb3 Ra8 24. Ra5 Rd7 25. Rfa1 Rdd8 26. Bxf8 Kxf8 27. Nc5 Ra7
28. g3 Ke7 29. Kg2 Rb8 30. b4 Rb6 31. Kf3 g5 32. fxg5 hxg5 33. h4 g4+ 34. Kf4
Ng7 35. Kg5 Ra8 36. Kg6 Rg8 37. Nxa6 Rbb8 38. Nxb8 Nge8+ 39. Kh7 Rg7+ 40. Kh6
Kf7 41. h5 Nf6 42. exf6 Kxf6 43. Ra7 Rg8 44. Rxc7 1-0

[Event "First Saturday FM-A November 2014"]
[Site "Budapest"]
[Date "2014.11.08"]
[Round "7.2"]
[White "Juracsik, Jozsef"]
[Black "Marcu, Simon"]
[Result "1-0"]
[WhiteElo "2109"]
[BlackElo "1912"]
[PlyCount "69"]
[EventDate "2014.11.01"]

1. e4 e5 2. Nf3 d6 3. d4 exd4 4. Nxd4 Bd7 5. Nc3 Nc6 6. Be3 Nf6 7. f3 a6 8. Qd2
Nxd4 9. Qxd4 Be7 10. O-O-O O-O 11. g4 c5 12. Qd2 b5 13. g5 b4 14. Ne2 Ne8 15.
Kb1 Qa5 16. Nf4 Bxg5 17. Nd5 Bxe3 18. Qxe3 Be6 19. Rg1 Ra7 20. Bc4 Qd8 21. f4
Bxd5 22. Rxd5 Kh8 23. Qxc5 dxc5 24. Rxd8 Kg8 25. e5 Nc7 26. Rd7 a5 27. e6 g6
28. f5 Kg7 29. fxg6 hxg6 30. exf7 Rb7 31. Kc1 Rfb8 32. h4 Rh8 33. h5 Rxh5 34.
Rxg6+ Kxg6 35. f8=Q 1-0

[Event "First Saturday FM-A November 2014"]
[Site "Budapest"]
[Date "2014.11.09"]
[Round "8.1"]
[White "Nagy, Laszlo"]
[Black "Bihari, Mihaly"]
[Result "1/2-1/2"]
[WhiteElo "1877"]
[BlackElo "2030"]
[PlyCount "47"]
[EventDate "2014.11.01"]

1. e4 c5 2. Nf3 Nc6 3. c4 g6 4. d4 cxd4 5. Nxd4 Bg7 6. Be3 d6 7. Nc3 Nf6 8. Be2
Nxd4 9. Bxd4 O-O 10. O-O Ne8 11. Kh1 Be6 12. b3 Qd7 13. f4 f5 14. Bxg7 Nxg7 15.
Qd2 Rad8 16. Rad1 b6 17. e5 Qc8 18. Qe3 dxe5 19. Qxe5 Kf7 20. Bf3 Qb8 21. Qe3
Rxd1 22. Rxd1 Rd8 23. Re1 Qd6 24. Rd1 1/2-1/2

[Event "First Saturday FM-A November 2014"]
[Site "Budapest"]
[Date "2014.11.10"]
[Round "9.1"]
[White "Marcu, Simon"]
[Black "Nagy, Laszlo"]
[Result "1/2-1/2"]
[WhiteElo "1912"]
[BlackElo "1877"]
[PlyCount "25"]
[EventDate "2014.11.01"]

1. d4 Nf6 2. c4 c5 3. e3 e6 4. Nf3 d5 5. Nc3 a6 6. a4 Nc6 7. Be2 b6 8. O-O Bb7
9. b3 Be7 10. Bb2 Qd6 11. Rc1 O-O 12. Qd3 Rfd8 13. Rfd1 1/2-1/2

[Event "First Saturday FM-A November 2014"]
[Site "Budapest"]
[Date "2014.11.10"]
[Round "9.3"]
[White "Juracsik, Jozsef"]
[Black "Bihari, Mihaly"]
[Result "1-0"]
[WhiteElo "2109"]
[BlackElo "2030"]
[PlyCount "83"]
[EventDate "2014.11.01"]

1. e4 c5 2. Nf3 Nc6 3. c3 d5 4. exd5 Qxd5 5. d4 e6 6. Be2 Nf6 7. O-O Be7 8. Bf4
O-O 9. dxc5 Bxc5 10. Qxd5 Nxd5 11. Bg3 Nf6 12. Nbd2 Re8 13. Nb3 Bf8 14. Ne5
Nxe5 15. Bxe5 Nd7 16. Bd4 e5 17. Be3 Nf6 18. Rfd1 Bg4 19. f3 Be6 20. Nc5 Bd5
21. Bb5 Red8 22. c4 Bc6 23. Bxc6 bxc6 24. Na6 Rd7 25. Rxd7 Nxd7 26. Rd1 Nb6 27.
b3 Be7 28. Kf2 f6 29. a4 Rd8 30. Rxd8+ Bxd8 31. Nb4 Nc8 32. Nxc6 Bb6 33. a5
Bxe3+ 34. Kxe3 Kf7 35. b4 Ke6 36. b5 Kd6 37. a6 Kc5 38. Kd3 Nd6 39. Nxa7 Nxc4
40. Nc8 Nb6 41. Nxb6 Kxb6 42. Ke4 1-0

[Event "First Saturday FM-A November 2014"]
[Site "Budapest"]
[Date "2014.11.11"]
[Round "10.1"]
[White "Nagy, Laszlo"]
[Black "Juracsik, Jozsef"]
[Result "0-1"]
[WhiteElo "1877"]
[BlackElo "2109"]
[PlyCount "58"]
[EventDate "2014.11.01"]

1. e4 c5 2. Nf3 e6 3. c4 Nc6 4. d4 cxd4 5. Nxd4 Nf6 6. Nc3 Bb4 7. Nxc6 bxc6 8.
Bd3 e5 9. O-O Be7 10. Qe2 d6 11. h3 Rb8 12. b3 Nd7 13. Be3 Qc7 14. Rac1 Nc5 15.
Bb1 Qa5 16. Kh2 Ne6 17. g3 h5 18. Qd2 Qc7 19. f4 h4 20. f5 hxg3+ 21. Kxg3 Nf4
22. Rxf4 exf4+ 23. Bxf4 g5 24. fxg6 Qd7 25. gxf7+ Kxf7 26. Rh1 Rxh3+ 27. Rxh3
Qxh3+ 28. Kf2 Bh4+ 29. Kg1 Be6 0-1